000 02295nam a2200325 a 4500
008 081009s1996 ||||||||||||||||| || u
020 _a8120311493
050 _aHF 5415.129 Ste
100 _aCoughlan, Anne T
245 1 0 _aMarketing channels. -- 5th ed.
_cLouis W. Stern; Adel I. El-Ansary; Anne T. Coughlan
250 _a5th ed.
260 _aNew Delhi
_bFT Prentice-Hall
_c1996
300 _axiv, 576p. : ill.
350 _a0.00
500 _aSB LIBRARY HAS 37 COPIES
650 _aMarketing channels
650 0 _aMARKETING--MANAGEMENT--CASE STUDIES
700 _aStern, Louis W
700 _aEl-Ansary, Adel I
995 _aANNEX COLLECTION (Main Library)
_D0.00
_e738630
_FCBU-MAIN LIBRARY (Kitwe)
_H1
_I0.00
_jHF 5415.129 Ste
_M4
_UAVAILABLE
_WOct 9, 2008
_y738630
_ZAnnex Low-Usage Collection
995 _aTEXTBOOKS (SB)
_D0.00
_e1848
_FCBU-SCHOOL TEXTBOOK COLLECTIONS
_H1
_I0.00
_jSCHOOL TEXTBOOK
_M10
_UAVAILABLE
_WSep 23, 2009
_y1848
_ZSchool Collections
995 _aTEXTBOOKS (SB)
_D0.00
_e1845
_FCBU-SCHOOL TEXTBOOK COLLECTIONS
_H1
_I0.00
_jSCHOOL TEXTBOOK
_M7
_UAVAILABLE
_WSep 23, 2009
_y1845
_ZSchool Collections
995 _aANNEX COLLECTION (Main Library)
_D0.00
_e738627
_FCBU-MAIN LIBRARY (Kitwe)
_H1
_I0.00
_jHF 5415.129 Ste
_M1
_UAVAILABLE
_WOct 9, 2008
_y738627
_ZAnnex Low-Usage Collection
995 _aANNEX COLLECTION (Main Library)
_D0.00
_e738631
_FCBU-MAIN LIBRARY (Kitwe)
_H1
_I0.00
_jHF 5415.129 Ste
_M5
_UAVAILABLE
_WOct 9, 2008
_y738631
_ZAnnex Low-Usage Collection
995 _aTEXTBOOKS (SB)
_D0.00
_e1847
_FCBU-SCHOOL TEXTBOOK COLLECTIONS
_H1
_I0.00
_jSCHOOL TEXTBOOK
_M9
_UAVAILABLE
_WSep 23, 2009
_y1847
_ZSchool Collections
995 _aTEXTBOOKS (SB)
_D0.00
_e1844
_FCBU-SCHOOL TEXTBOOK COLLECTIONS
_H1
_I0.00
_jSCHOOL TEXTBOOK
_M6
_UAVAILABLE
_WSep 23, 2009
_y1844
_ZSchool Collections
995 _aTEXTBOOKS (SB)
_D0.00
_e1846
_FCBU-SCHOOL TEXTBOOK COLLECTIONS
_H1
_I0.00
_jSCHOOL TEXTBOOK
_M8
_UAVAILABLE
_WSep 23, 2009
_y1846
_ZSchool Collections
995 _aMAIN LIBRARY OPEN ACCESS
_D0.00
_e738629
_FCBU-MAIN LIBRARY (Kitwe)
_H1
_I0.00
_jHF 5415.129 Ste
_M3
_UAVAILABLE
_WOct 9, 2008
_y738629
_ZMain Library Open Access Collection
995 _aMAIN LIBRARY OPEN ACCESS
_D0.00
_e738628
_FCBU-MAIN LIBRARY (Kitwe)
_H1
_I0.00
_jHF 5415.129 Ste
_M2
_UAVAILABLE
_WOct 9, 2008
_y738628
_ZMain Library Open Access Collection
999 _c82630
_d82630